00703naa a2200157 i 450000100060000000300090000600500170001500800410003204000290007310001710010224500390027365500130031277301900032594200130051599900170052810314KOSZ 00520180419130130.0180419s2003 pl |000 0 pol  aKOSZ 005/HRcKOSZ 005/HR1 aPARTACZ, Czesław.d2007-2012.bPolitechnika Koszalińska - Instytut Polityki Społecznej i Stosunków Międzynarodowych,cZakład Europy Środkowej i Wschodniej.10aMelnyk Andrij /cCzesław Partacz. 0aBiogram.0 iW :tEncyklopedia "białych plam". T. 12, Masoneria w Polsce - naturalizm / red. Marek Robert Górniak et al. - dRadom : Polskie Wydaw. Encyklopedyczne, 2003. -gs. 49-53z8388822713  2UKDcART c10314d10314